Vereine des deutschen Kaders bei der FIFA Fußball-WM 2014 - Statistiken

Allgemein
  • Dieses Quiz wurde 254 mal gespielt
  • Das Durchschnittsergebnis liegt bei 21 aus 23
Antwortstatistiken
Position Nr. Spieler Verein % Korrekt
Tor 1 Manuel Neuer FC Bayern München
100%
Abwehr 16 Philipp Lahm FC Bayern München
100%
Abwehr 20 Jerome Boateng FC Bayern München
100%
Mittelfeld 7 Bastian Schweinsteiger FC Bayern München
100%
Mittelfeld 18 Toni Kroos FC Bayern München
100%
Mittelfeld 19 Mario Götze FC Bayern München
100%
Sturm 13 Thomas Müller FC Bayern München
100%
Tor 22 Roman Weidenfeller Borusia Dortmund
98%
Abwehr 2 Kevin Großkreutz Borusia Dortmund
98%
Abwehr 5 Mats Hummels Borusia Dortmund
98%
Abwehr 15 Erik Durm Borusia Dortmund
98%
Abwehr 4 Benedikt Höwedes FC Schalke 04
96%
Mittelfeld 14 Julian Draxler FC Schalke 04
96%
Abwehr 17 Per Mertesacker Arsenal FC
94%
Mittelfeld 8 Mesut Özil Arsenal FC
94%
Sturm 10 Lukas Podolski Arsenal FC
94%
Mittelfeld 6 Sami Khedira Real Madrid CF
89%
Tor 12 Ron Robert Zieler Hannover 96
88%
Abwehr 3 Matthias Ginter SC Freiburg
88%
Sturm 9 Andre Schürrle Chelsea FC
78%
Mittelfeld 23 Christoph Kramer VfL Borussia Mönchengladbach
78%
Sturm 11 Miroslav Klose SS Lazio
76%
Abwehr 21 Shkodran Mustafi UC Sampdoria
32%
Keine übereinstimmenden Quizze gefunden
Verteilung der Resultate
Anzahl Personen mit jedem Resultat
Perzentil nach korrekt beantworteten Fragen
Ihre Resultats-Entwicklung
Sie haben dieses Quiz noch nicht gespielt